[Event "European Seniors Teams Ch."]
[Site "Olympus"]
[Date "2011.05.04"]
[Round "2"]
[Board "4"]
[White "Jorgensen, Jorgen"]
[Black "Scholes, James E"]
[Result "1/2-1/2"]
[WhiteElo "2221"]
[BlackElo "2110"]
[PlyCount "54"]
[EventDate "2011.05.03"]
[EventType "team"]
[EventRounds "9"]
[EventCountry "GRE"]
[WhiteTeam "Denmark 1"]
[BlackTeam "England 2"]

1.Nf3 c5 2.g3 Nc6 3.Bg2 e5 4.d3 h6 5.c4 g6 6.Nc3 Bg7 7.O-O d6 8.Ne1 Nge7 9.Nc2
Be6 10.Ne3 O-O 11.Ned5 f5 12.f4 Qd7 13.Rb1 Rac8 14.a3 b6 15.b4 Kh7 16.Bd2 Bg8
17.Qa4 Rfd8 18.b5 Nd4 19.e3 Ne6 20.Qc2 Nc7 21.e4 Ncxd5 22.exd5 Rf8 23.Ne2 Bf7
24.a4 Ng8 25.a5 exf4 26.Nxf4 g5 27.Ne6 Bxe6 1/2-1/2

[Event "European Seniors Teams Ch."]
[Site "Olympus"]
[Date "2011.05.04"]
[Round "2"]
[Board "2"]
[White "Simon Padros, Emili"]
[Black "Mundal, Arnold"]
[Result "1-0"]
[WhiteElo "2281"]
[BlackElo "2049"]
[PlyCount "65"]
[EventDate "2011.05.03"]
[EventType "team"]
[EventRounds "9"]
[EventCountry "GRE"]
[WhiteTeam "Catalonia"]
[BlackTeam "Blindern Oldtimers"]

1.e4 g6 2.d4 d6 3.Nc3 Bg7 4.Be3 Nf6 5.f3 O-O 6.Qd2 Nbd7 7.O-O-O e5 8.d5 Ne8 9.g4
c6 10.h4 Nb6 11.h5 cxd5 12.exd5 f5 13.hxg6 hxg6 14.Bd3 Kf7 15.gxf5 Bxf5 16.Nh3
Ke7 17.Ng5 Nc7 18.Rh7 Rg8 19.Rg1 Qf8 20.Ne6 Nxe6 21.dxe6 Rh8 22.Bg5+ Kxe6
23.Bc4+ Kd7 24.Bb5+ Kc7 25.Rxh8 Bxh8 26.a4 Rc8 27.a5 Nd7 28.Be7 Qxe7 29.Nd5+ Kd8
30.Nxe7 Rxc2+ 31.Qxc2 Bxc2 32.Kxc2 Kxe7 33.Rh1 1-0

[Event "European Seniors Teams Ch."]
[Site "Olympus"]
[Date "2011.05.04"]
[Round "2"]
[Board "3"]
[White "Lerstad, Bjorn"]
[Black "Coll Enriquez, Lluis"]
[Result "1/2-1/2"]
[WhiteElo "1913"]
[BlackElo "2182"]
[PlyCount "103"]
[EventDate "2011.05.03"]
[EventType "team"]
[EventRounds "9"]
[EventCountry "GRE"]
[WhiteTeam "Blindern Oldtimers"]
[BlackTeam "Catalonia"]

1.d4 Nf6 2.c4 e5 3.dxe5 Ng4 4.Bf4 Nc6 5.Nf3 Bb4+ 6.Nbd2 Qe7 7.a3 Ngxe5 8.Nxe5
Nxe5 9.e3 Bxd2+ 10.Qxd2 d6 11.Be2 O-O 12.O-O a5 13.b4 Be6 14.Qc3 f6 15.h3 b6
16.f3 Nd7 17.Bg3 Rfe8 18.e4 Bf7 19.Bd3 Ne5 20.Be2 Ra7 21.Bf2 Rea8 22.b5 Ng6
23.Rfe1 Be6 24.Bf1 Qf7 25.Rac1 Re8 26.Bg3 Raa8 27.Bd3 Rad8 28.Qc2 Ne5 29.Be2 Qg6
30.Kh2 Nd7 31.f4 Bf7 32.Bf3 Nc5 33.Bf2 Qh6 34.g3 Be6 35.f5 Bc8 36.Be3 g5 37.h4
Bb7 38.Bd2 Nd7 39.Kg1 Ne5 40.Bd1 Nf7 41.Rb1 Qg7 42.hxg5 Nxg5 43.Bxg5 Qxg5 44.Rb3
Re5 45.Kf2 Rde8 46.Bf3 R8e7 47.Rbe3 Rg7 48.Bg2 Rc5 49.Qd3 Re7 50.Bf3 Rce5 51.Bg2
Bc8 52.Bf3 1/2-1/2

[Event "European Seniors Teams Ch."]
[Site "Olympus"]
[Date "2011.05.04"]
[Round "2"]
[Board "4"]
[White "Buxade Roca, Guillermo"]
[Black "Fossum, Widar J"]
[Result "0-1"]
[WhiteElo "2173"]
[BlackElo "1600"]
[PlyCount "106"]
[EventDate "2011.05.03"]
[EventType "team"]
[EventRounds "9"]
[EventCountry "GRE"]
[WhiteTeam "Catalonia"]
[BlackTeam "Blindern Oldtimers"]

1.e4 Nf6 2.e5 Nd5 3.d4 e6 4.Nf3 Nb6 5.Be2 d5 6.O-O c5 7.c3 Be7 8.Na3 Nc6 9.Nb5
a6 10.dxc5 Bxc5 11.Nbd4 Be7 12.a4 Nd7 13.Bf4 Qc7 14.Nxc6 bxc6 15.b4 a5 16.Rc1
axb4 17.cxb4 Bxb4 18.Nd4 Bb7 19.Bb5 Bc5 20.Be2 Bxd4 21.Qxd4 Ba6 22.Bb5 Bxb5
23.axb5 c5 24.Qe3 O-O 25.Qg3 Rfb8 26.Bh6 g6 27.Rb1 Ra4 28.f4 Rb4 29.Bg5 R8xb5
30.Ra1 Qb8 31.Qh3 Rb1 32.Qh6 Rxa1 33.Rxa1 Rb1+ 34.Rxb1 Qxb1+ 35.Kf2 c4 36.g4 Qe4
37.Kg3 Qd4 38.Qh4 c3 39.Bh6 f6 40.f5 Qxe5+ 41.Kf2 exf5 42.gxf5 Qxf5+ 43.Kg1 g5
44.Qa4 c2 45.Qc6 Kf7 46.h4 Qg4+ 47.Kf2 Qf4+ 48.Kg2 c1=Q 49.Qxd7+ Kg6 50.Qe8+
Kxh6 51.Qf8+ Kg6 52.Qe8+ Kf5 53.Qd7+ Ke5 0-1

[Event "European Seniors Teams Ch."]
[Site "Olympus"]
[Date "2011.05.04"]
[Round "2"]
[Board "1"]
[White "Stimpson, Philip M"]
[Black "Watzka, Horst"]
[Result "1/2-1/2"]
[WhiteElo "2095"]
[BlackElo "2274"]
[PlyCount "52"]
[EventDate "2011.05.03"]
[EventType "team"]
[EventRounds "9"]
[EventCountry "GRE"]
[WhiteTeam "England 3"]
[BlackTeam "Steiermark, Austria"]

1.e4 e5 2.Nf3 Nc6 3.d4 exd4 4.Nxd4 Nf6 5.Nxc6 bxc6 6.e5 Qe7 7.Qe2 Nd5 8.c4 Nb6
9.Nc3 a5 10.b3 a4 11.Bb2 Qe6 12.f4 Bb4 13.O-O-O Bb7 14.Qh5 Qe7 15.Bd3 Bxc3
16.Bxc3 Qa3+ 17.Bb2 Qxa2 18.e6 dxe6 19.Bxg7 Rg8 20.Qg5 axb3 21.Rd2 Qa3+ 22.Bb2
Qf8 23.Qh5 O-O-O 24.Re1 Kb8 25.Qa5 f6 26.Ba3 Qf7 1/2-1/2

[Event "European Seniors Teams Ch."]
[Site "Olympus"]
[Date "2011.05.04"]
[Round "2"]
[Board "3"]
[White "Edwards, Ray B"]
[Black "Nickl, Klaus"]
[Result "1/2-1/2"]
[WhiteElo "2017"]
[BlackElo "2149"]
[PlyCount "58"]
[EventDate "2011.05.03"]
[EventType "team"]
[EventRounds "9"]
[EventCountry "GRE"]
[WhiteTeam "England 3"]
[BlackTeam "Steiermark, Austria"]

1.d4 Nf6 2.c4 g6 3.Nc3 Bg7 4.e4 d6 5.Nf3 O-O 6.Be2 e5 7.Be3 Nbd7 8.O-O Ng4 9.Bg5
f6 10.Bh4 Nh6 11.d5 g5 12.Bg3 f5 13.exf5 Nxf5 14.Ne4 h6 15.Nfd2 Nd4 16.Bd3 a5
17.Qh5 Qe8 18.Qxe8 Rxe8 19.f3 b6 20.Bf2 Nc5 21.Nxc5 bxc5 22.Bxd4 cxd4 23.g4 Ba6
24.Rac1 Reb8 25.Rc2 Bf8 26.Ne4 Rb4 27.Rff2 c5 28.Kf1 Be7 29.Ke1 Bc8 1/2-1/2

[Event "European Seniors Teams Ch."]
[Site "Olympus"]
[Date "2011.05.04"]
[Round "2"]
[Board "1"]
[White "Skalkotas, Nikolaos"]
[Black "Rooze, Jan"]
[Result "1-0"]
[WhiteElo "2183"]
[BlackElo "2333"]
[PlyCount "103"]
[EventDate "2011.05.03"]
[EventType "team"]
[EventRounds "9"]
[EventCountry "GRE"]
[WhiteTeam "Greece"]
[BlackTeam "Belgium"]

1.c4 c5 2.Nf3 Nf6 3.Nc3 e6 4.g3 b6 5.Bg2 Bb7 6.O-O Be7 7.b3 d6 8.Bb2 Nbd7 9.d4
cxd4 10.Nxd4 Bxg2 11.Kxg2 Qc8 12.e3 a6 13.f4 Qb7+ 14.Qf3 Qxf3+ 15.Kxf3 Rc8
16.Rac1 O-O 17.Rfd1 Rfe8 18.g4 g6 19.Nde2 Red8 20.g5 Ne8 21.h4 f5 22.h5 Ng7
23.Ng3 Kf7 24.Rh1 Rg8 25.Rh2 Rb8 26.e4 b5 27.hxg6+ hxg6 28.Rh7 Nf8 29.Rh2 bxc4
30.bxc4 Nd7 31.Nd1 Nc5 32.Rcc2 Nd3 33.Bc3 Rb1 34.Nf2 Ne1+ 35.Bxe1 Rxe1 36.Nd3
fxe4+ 37.Nxe4 Rd1 38.Nef2 Rb1 39.Rh7 Ke8 40.Ng4 Nf5 41.Rb2 Rxb2 42.Nxb2 Rf8
43.c5 dxc5 44.Ne5 Rg8 45.Nbc4 Nd4+ 46.Ke4 Nf5 47.Ne3 Bd6 48.N5c4 Bf8 49.Ra7 Rh8
50.Nxf5 exf5+ 51.Kd5 Rh2 52.Ke6 1-0

[Event "European Seniors Teams Ch."]
[Site "Olympus"]
[Date "2011.05.04"]
[Round "2"]
[Board "2"]
[White "Van Herck, Marcel"]
[Black "Tsomis, Dimitrios"]
[Result "0-1"]
[WhiteElo "2135"]
[BlackElo "2187"]
[PlyCount "58"]
[EventDate "2011.05.03"]
[EventType "team"]
[EventRounds "9"]
[EventCountry "GRE"]
[WhiteTeam "Belgium"]
[BlackTeam "Greece"]

1.e4 c5 2.Nf3 d6 3.d4 cxd4 4.Nxd4 Nf6 5.Nc3 a6 6.Bg5 e6 7.Qe2 Be7 8.O-O-O Qc7
9.f4 Nbd7 10.g3 O-O 11.Bg2 h6 12.h4 Re8 13.g4 Nb6 14.Bxf6 Bxf6 15.g5 Be7 16.gxh6
gxh6 17.Qh5 Bf8 18.Rhg1 Bg7 19.Bh3 Kf8 20.f5 exf5 21.Bxf5 d5 22.Rxg7 Qf4+ 23.Kb1
Kxg7 24.Bxc8 Raxc8 25.Nce2 Qf6 26.Nf5+ Kf8 27.Nc3 Rxc3 28.bxc3 Na4 29.Rg1 Qb6+ 0-1

[Event "European Seniors Teams Ch."]
[Site "Olympus"]
[Date "2011.05.04"]
[Round "2"]
[Board "3"]
[White "Aftsoglou, Ioannis"]
[Black "Schuermans, Robert"]
[Result "1-0"]
[WhiteElo "2168"]
[BlackElo "2085"]
[PlyCount "117"]
[EventDate "2011.05.03"]
[EventType "team"]
[EventRounds "9"]
[EventCountry "GRE"]
[WhiteTeam "Greece"]
[BlackTeam "Belgium"]

1.e4 e5 2.Nf3 Nc6 3.d3 d5 4.Nbd2 Nf6 5.c3 Bg4 6.Be2 Be7 7.O-O O-O 8.Qc2 a5 9.Re1
Bh5 10.Nf1 Bg6 11.Ng3 dxe4 12.dxe4 Bc5 13.h3 Qe7 14.Bc4 h6 15.Nh4 Kh7 16.Nhf5
Qe8 17.Bb5 Qe6 18.Be3 Bxe3 19.Nxe3 Ne7 20.Be2 Qc6 21.Bf3 Qc5 22.Qe2 b5 23.h4 Kh8
24.h5 Bh7 25.a4 c6 26.Rec1 Nc8 27.axb5 cxb5 28.b4 Qb6 29.c4 bxc4 30.bxa5 Rxa5
31.Nxc4 Rxa1 32.Rxa1 Qb8 33.Qd3 Ne7 34.Ra6 Ned5 35.Qa3 Rc8 36.Nd6 Qb1+ 37.Kh2
Rf8 38.exd5 e4 39.Ndxe4 Nd7 40.Ra8 Kg8 41.Rxf8+ Nxf8 42.Qa7 Qb4 43.Qc5 Qb8
44.Qe7 Qf4 45.Nc5 Bf5 46.Qe3 Qc7 47.Kg1 Bc8 48.Qd4 Qb6 49.Nge4 Nd7 50.Qc3 Qb1+
51.Kh2 Nf8 52.Nd6 Bf5 53.Qe5 Nd7 54.Qe8+ Kh7 55.Nxf7 Qb8+ 56.Qxb8 Nxb8 57.Ne5
Kg8 58.g4 Bc8 59.Nc6 1-0

[Event "European Seniors Teams Ch."]
[Site "Olympus"]
[Date "2011.05.04"]
[Round "2"]
[Board "4"]
[White "Hajenius, Willem"]
[Black "Efkarpidis, Stylianos"]
[Result "1-0"]
[WhiteElo "1983"]
[BlackElo "1600"]
[PlyCount "67"]
[EventDate "2011.05.03"]
[EventType "team"]
[EventRounds "9"]
[EventCountry "GRE"]
[WhiteTeam "Belgium"]
[BlackTeam "Greece"]

1.d4 g6 2.c4 Bg7 3.Nc3 d6 4.e4 Nf6 5.f4 O-O 6.Nf3 b6 7.e5 dxe5 8.fxe5 Ne8 9.Be2
Bb7 10.O-O a5 11.Be3 c6 12.Qd2 Qc7 13.Bh6 Na6 14.Bxg7 Nxg7 15.Qh6 Nf5 16.Qh3 Kg7
17.g4 Nh6 18.Ng5 Bc8 19.Rae1 f6 20.Nge4 Qd8 21.exf6+ exf6 22.d5 cxd5 23.Nxd5 Ng8
24.Qc3 Nb4 25.Ndxf6 Nxf6 26.g5 Qc7 27.gxf6+ Kf7 28.Ng5+ Kg8 29.f7+ Rxf7 30.Nxf7
Qc5+ 31.Rf2 Bf5 32.Nh6+ Kf8 33.Bf3 Nd3 34.Qf6# 1-0

[Event "European Seniors Teams Ch."]
[Site "Olympus"]
[Date "2011.05.05"]
[Round "3"]
[Board "1"]
[White "Ivanovic, Bozidar"]
[Black "Shvedchikov, Anatoli I"]
[Result "1/2-1/2"]
[WhiteElo "2409"]
[BlackElo "2412"]
[PlyCount "97"]
[EventDate "2011.05.03"]
[EventType "team"]
[EventRounds "9"]
[EventCountry "GRE"]
[WhiteTeam "Montenegro"]
[BlackTeam "Russia"]

1.e4 c6 2.d4 d5 3.exd5 cxd5 4.c4 e6 5.Nc3 Nf6 6.Nf3 Be7 7.Bd3 dxc4 8.Bxc4 O-O
9.O-O Nbd7 10.Re1 Nb6 11.Bb3 Bd7 12.Ne5 Bc6 13.Qd3 Nbd7 14.Nxc6 bxc6 15.Qh3 Nb6
16.Be3 Nbd5 17.Bg5 g6 18.Rad1 Rc8 19.Qf3 Kg7 20.Bd2 Re8 21.h3 Qc7 22.g3 Qb7
23.Bg5 Qb4 24.Kg2 Red8 25.h4 h6 26.Bd2 Qb7 27.Na4 Bb4 28.Nc5 Qb5 29.Bxb4 Qxb4
30.Re2 Re8 31.Rc2 Re7 32.Rc4 Qb5 33.Nd3 Rec7 34.Ne5 c5 35.dxc5 Rxc5 36.Rxc5 Rxc5
37.Nd3 Rc7 38.Ne5 h5 39.Re1 a5 40.Qd3 Qb7 41.Qf3 Qb4 42.Nd3 Qd4 43.Bxd5 Nxd5
44.Re4 Qb6 45.Re2 Qb5 46.Nf4 Nxf4+ 47.Qxf4 Qd5+ 48.Kh2 Qb5 49.Kg2 1/2-1/2

[Event "European Seniors Teams Ch."]
[Site "Olympus"]
[Date "2011.05.05"]
[Round "3"]
[Board "2"]
[White "Pushkov, Nikolai"]
[Black "Zivkovic, Ljubo"]
[Result "0-1"]
[WhiteElo "2406"]
[BlackElo "2270"]
[PlyCount "142"]
[EventDate "2011.05.03"]
[EventType "team"]
[EventRounds "9"]
[EventCountry "GRE"]
[WhiteTeam "Russia"]
[BlackTeam "Montenegro"]

1.d4 Nf6 2.Nf3 e6 3.e3 d5 4.Bd3 Be7 5.O-O O-O 6.b3 Nbd7 7.Bb2 b6 8.Nbd2 Bb7
9.Ne5 Nxe5 10.dxe5 Ne4 11.Qe2 Nc5 12.f4 g6 13.Rad1 a5 14.a4 Nxd3 15.cxd3 Qd7
16.e4 b5 17.f5 bxa4 18.f6 Bc5+ 19.d4 Bb4 20.Qe3 Rfd8 21.Bc3 Bf8 22.bxa4 dxe4
23.Nb3 Qxa4 24.Nc5 Bxc5 25.Rb1 Bxd4 26.Bxd4 Qxd4 27.Qxd4 Rxd4 28.Rxb7 a4 29.Ra1
h5 30.Rxc7 Rd5 31.Rc4 Rxe5 32.Raxa4 Rxa4 33.Rxa4 Rf5 34.Rxe4 Rxf6 35.h4 Rf5
36.g3 Kf8 37.Kg2 Ke7 38.Ra4 Rd5 39.Kf3 e5 40.Ke3 Ke6 41.Ra7 f6 42.Ke4 Rd4+
43.Ke3 Kf5 44.Ra6 Rb4 45.Kf3 Rb3+ 46.Kf2 g5 47.hxg5 fxg5 48.Ra4 Rd3 49.Ra5 Kg4
50.Rxe5 Rf3+ 51.Kg2 Rxg3+ 52.Kh2 Rf3 53.Re4+ Rf4 54.Re3 h4 55.Ra3 Rf2+ 56.Kg1
Re2 57.Kf1 Rb2 58.Kg1 h3 59.Ra4+ Kg3 60.Ra3+ Kh4 61.Ra4+ g4 62.Rc4 Re2 63.Ra4
Kg3 64.Ra3+ Kf4 65.Ra4+ Kf3 66.Ra3+ Re3 67.Ra1 g3 68.Rf1+ Kg4 69.Ra1 Rf3 70.Ra4+
Rf4 71.Ra1 h2+ 0-1

[Event "European Seniors Teams Ch."]
[Site "Olympus"]
[Date "2011.05.05"]
[Round "3"]
[Board "3"]
[White "Raicevic, Momcilo"]
[Black "Mishuchkov, Nikolai M"]
[Result "0-1"]
[WhiteElo "2364"]
[BlackElo "2403"]
[PlyCount "120"]
[EventDate "2011.05.03"]
[EventType "team"]
[EventRounds "9"]
[EventCountry "GRE"]
[WhiteTeam "Montenegro"]
[BlackTeam "Russia"]

1.c4 Nf6 2.g3 e6 3.Nf3 a6 4.Bg2 b5 5.b3 Bb7 6.O-O Be7 7.Bb2 O-O 8.d3 d6 9.Nbd2
Nbd7 10.Qc2 c5 11.e4 Nb6 12.a4 b4 13.Rad1 Nfd7 14.d4 cxd4 15.Bxd4 Qc7 16.Rfe1
Bf6 17.Bxf6 Nxf6 18.Nf1 Nbd7 19.e5 Nxe5 20.Nxe5 Bxg2 21.Kxg2 dxe5 22.Qd2 Qb7+
23.Kg1 e4 24.Ne3 h6 25.Qd4 Qc7 26.Qd6 Qxd6 27.Rxd6 Rfc8 28.Red1 a5 29.Nc2 Kf8
30.Nd4 Ke7 31.Nc6+ Kf8 32.Ne5 Rc5 33.Nd7+ Nxd7 34.Rxd7 Rac8 35.Kf1 R8c7 36.Ke2
Ke8 37.Rxc7 Rxc7 38.Ke3 f5 39.Rd6 Ke7 40.Ra6 Rd7 41.Rxa5 Rd3+ 42.Ke2 Rxb3 43.Rb5
g5 44.a5 Kd6 45.Kd2 Ra3 46.Rxb4 Rxa5 47.Rb6+ Ke7 48.Rb2 Ra3 49.Rb8 Ra2+ 50.Ke3
Kf6 51.h3 Rc2 52.Rc8 Ke5 53.Rc5+ Kd6 54.Rc8 Rc3+ 55.Ke2 f4 56.gxf4 gxf4 57.h4
Rc2+ 58.Kf1 f3 59.Kg1 Rc1+ 60.Kh2 e3 0-1

[Event "European Seniors Teams Ch."]
[Site "Olympus"]
[Date "2011.05.05"]
[Round "3"]
[Board "4"]
[White "Chernikov, Oleg L"]
[Black "Dragasevic, Srdja"]
[Result "1/2-1/2"]
[WhiteElo "2430"]
[BlackElo "2266"]
[PlyCount "66"]
[EventDate "2011.05.03"]
[EventType "team"]
[EventRounds "9"]
[EventCountry "GRE"]
[WhiteTeam "Russia"]
[BlackTeam "Montenegro"]

1.c4 c6 2.Nf3 d5 3.e3 Nf6 4.Nc3 a6 5.Qc2 g6 6.b3 Bg7 7.Bb2 Bf5 8.d3 O-O 9.Be2
Re8 10.O-O e5 11.e4 dxe4 12.dxe4 Bg4 13.b4 a5 14.a3 axb4 15.axb4 Rxa1 16.Rxa1
Na6 17.Ba3 Nc7 18.Rd1 Qc8 19.Bb2 Nh5 20.g3 Ne6 21.Nxe5 Bxe2 22.Nxe2 Ng5 23.f4
Bxe5 24.Bxe5 Nf3+ 25.Kg2 Nxe5 26.fxe5 Rxe5 27.Rd4 Re8 28.Qd3 Qe6 29.Nc3 Qg4
30.Qf3 Qd7 31.Qe3 Qc8 32.Ne2 Ng7 33.Nf4 g5 1/2-1/2

[Event "European Seniors Teams Ch."]
[Site "Olympus"]
[Date "2011.05.05"]
[Round "3"]
[Board "1"]
[White "Uhlmann, Wolfgang"]
[Black "Rantanen, Yrjo A"]
[Result "0-1"]
[WhiteElo "2389"]
[BlackElo "2373"]
[PlyCount "84"]
[EventDate "2011.05.03"]
[EventType "team"]
[EventRounds "9"]
[EventCountry "GRE"]
[WhiteTeam "Germany"]
[BlackTeam "Finland 1"]

1.c4 e5 2.Nc3 Nf6 3.Nf3 Nc6 4.g3 d5 5.cxd5 Nxd5 6.Bg2 Nb6 7.d3 Be7 8.O-O O-O
9.a3 Re8 10.Be3 Bf8 11.Rc1 Nd4 12.Ne4 a5 13.Nc5 a4 14.Re1 Ra5 15.Bxd4 exd4 16.b4
axb3 17.Nxb3 Rxa3 18.Nfxd4 c6 19.Ra1 Rxa1 20.Qxa1 Bb4 21.Rc1 Qd6 22.Rc2 Bd7
23.Nf3 c5 24.Ra2 Be6 25.Qb1 Nd5 26.Qc2 Nc3 27.Ra1 Bxb3 28.Qxb3 Nxe2+ 29.Kf1 Nc3
30.Qc2 g6 31.Re1 Rxe1+ 32.Nxe1 b5 33.Nf3 Qa6 34.Kg1 Qa1+ 35.Bf1 Ba5 36.Nd2 Ne2+
37.Kg2 Nd4 38.Qb1 Qxb1 39.Nxb1 Bb4 40.f4 Kf8 41.Kf2 Ke7 42.Bg2 c4 0-1

[Event "European Seniors Teams Ch."]
[Site "Olympus"]
[Date "2011.05.05"]
[Round "3"]
[Board "2"]
[White "Westerinen, Heikki M J"]
[Black "Hecht, Hans-Joachim"]
[Result "1/2-1/2"]
[WhiteElo "2350"]
[BlackElo "2377"]
[PlyCount "138"]
[EventDate "2011.05.03"]
[EventType "team"]
[EventRounds "9"]
[EventCountry "GRE"]
[WhiteTeam "Finland 1"]
[BlackTeam "Germany"]

1.e4 e5 2.Nf3 Nc6 3.Bb5 f5 4.Nc3 fxe4 5.Nxe4 Nf6 6.Qe2 d5 7.Nxf6+ gxf6 8.d4 Bg7
9.dxe5 O-O 10.e6 Ne5 11.Bf4 Qd6 12.O-O c6 13.Bd3 Bxe6 14.Nd4 Qd7 15.Nxe6 Qxe6
16.Rfe1 Qd7 17.Qd2 Nxd3 18.Qxd3 Rae8 19.Re3 Rxe3 20.Qxe3 Re8 21.Qxa7 f5 22.Qb6
Re2 23.Rc1 Qe7 24.g3 Bf6 25.c3 d4 26.cxd4 Re1+ 27.Rxe1 Qxe1+ 28.Kg2 Qe4+ 29.Kf1
Bxd4 30.Qxb7 Qd3+ 31.Ke1 Qe4+ 32.Kd2 Bxf2 33.Qc8+ Kf7 34.Qd7+ Kg6 35.Qd3 Qg2
36.Qd6+ Kh5 37.Qh6+ Kg4 38.Qg5+ Kf3 39.Qh5+ Ke4 40.Qe2+ Kd5 41.Kd3 Qe4+ 42.Qxe4+
fxe4+ 43.Ke2 Bd4 44.b3 c5 45.g4 c4 46.bxc4+ Kxc4 47.h4 Bc5 48.Bd2 Ba3 49.Ke3 Kd5
50.h5 Bc5+ 51.Ke2 Ba3 52.Bc3 Kc4 53.Bf6 Kd5 54.Bg7 Ke6 55.Ke3 Kd5 56.Bc3 Kc4
57.Bd2 Kd5 58.Kf4 Kd4 59.Kg5 e3 60.Be1 Bc1 61.Kh6 Bd2 62.Bh4 Ke4 63.Kxh7 Kf4
64.Kg6 Kxg4 65.Bg5 Bc1 66.Bxe3 Bxe3 67.a4 Kf4 68.h6 Ke4 69.h7 Bd4 1/2-1/2

[Event "European Seniors Teams Ch."]
[Site "Olympus"]
[Date "2011.05.05"]
[Round "3"]
[Board "3"]
[White "Klundt, Klaus"]
[Black "Hurme, Harri"]
[Result "1-0"]
[WhiteElo "2379"]
[BlackElo "2277"]
[PlyCount "101"]
[EventDate "2011.05.03"]
[EventType "team"]
[EventRounds "9"]
[EventCountry "GRE"]
[WhiteTeam "Germany"]
[BlackTeam "Finland 1"]

1.e4 g6 2.d4 Bg7 3.Nc3 d6 4.Nf3 a6 5.a4 b6 6.Bd3 Nd7 7.O-O e6 8.Ne2 Ne7 9.c4 O-O
10.Nc3 c5 11.d5 exd5 12.cxd5 h6 13.Bf4 Ne5 14.Nxe5 dxe5 15.Be3 f5 16.f3 a5
17.Bb5 Kh7 18.Qd3 Ng8 19.Rad1 Nf6 20.d6 Be6 21.Bc4 Qd7 22.Rd2 Rad8 23.Rfd1 Qf7
24.b3 f4 25.Bf2 g5 26.Bxe6 Qxe6 27.Qc4 Rfe8 28.Nb5 Qxc4 29.bxc4 Nd7 30.Nc7 Rg8
31.Kf1 Kg6 32.Nd5 Kf7 33.Rb1 Rb8 34.Rdb2 Rb7 35.Rb5 Rgb8 36.Be1 Bf8 37.Bxa5 Ra7
38.Nxb6 Nxb6 39.Bxb6 Rxa4 40.Bxc5 Rba8 41.Rb8 Ke6 42.Rxa8 Rxa8 43.Rb7 Ra2 44.Bb4
Ra1+ 45.Ke2 Ra2+ 46.Kd3 Rxg2 47.Rb8 Bxd6 48.Rb6 Rf2 49.c5 Rxf3+ 50.Kc4 g4
51.Rxd6+ 1-0

[Event "European Seniors Teams Ch."]
[Site "Olympus"]
[Date "2011.05.05"]
[Round "3"]
[Board "4"]
[White "Havansi, Erkki E T"]
[Black "Werner, Clemens"]
[Result "1/2-1/2"]
[WhiteElo "2248"]
[BlackElo "2344"]
[PlyCount "84"]
[EventDate "2011.05.03"]
[EventType "team"]
[EventRounds "9"]
[EventCountry "GRE"]
[WhiteTeam "Finland 1"]
[BlackTeam "Germany"]

1.c4 e5 2.Nf3 e4 3.Nd4 Nc6 4.Nc2 Nf6 5.Nc3 Bc5 6.d4 exd3 7.exd3 Nd4 8.Be2 O-O
9.O-O Re8 10.Nxd4 Bxd4 11.Bf3 c6 12.Ne2 Bb6 13.Ng3 d5 14.Bf4 Be6 15.b3 Qd7 16.h3
Bd4 17.Rc1 h6 18.Ne2 dxc4 19.dxc4 Bc5 20.Qxd7 Bxd7 21.Rcd1 Bf5 22.Nd4 Be4 23.Be3
Bxf3 24.gxf3 Bxd4 25.Rxd4 Re5 26.Rfd1 a5 27.Rd8+ Re8 28.R8d6 Kh7 29.Kg2 a4 30.b4
Re7 31.Rd8 Rxd8 32.Rxd8 Re8 33.Rd6 Kg6 34.b5 Rc8 35.Bd4 cxb5 36.cxb5 Rc2 37.Bxf6
gxf6 38.Rb6 Rxa2 39.Rxb7 Rb2 40.Ra7 Rxb5 41.Rxa4 Rg5+ 42.Kh2 Kg7 1/2-1/2

[Event "European Seniors Teams Ch."]
[Site "Olympus"]
[Date "2011.05.05"]
[Round "3"]
[Board "1"]
[White "Sorensen, Bent"]
[Black "Tseitlin, Mark D"]
[Result "1-0"]
[WhiteElo "2343"]
[BlackElo "2419"]
[PlyCount "123"]
[EventDate "2011.05.03"]
[EventType "team"]
[EventRounds "9"]
[EventCountry "GRE"]
[WhiteTeam "Denmark 1"]
[BlackTeam "Israel 1"]

1.Nf3 g6 2.g3 Bg7 3.d4 Nf6 4.Bg2 O-O 5.c4 c5 6.d5 e6 7.Nc3 exd5 8.cxd5 d6 9.O-O
a6 10.a4 Nbd7 11.Nd2 b6 12.h3 Rb8 13.Nc4 Qe7 14.e4 Ne8 15.Kh2 Ne5 16.Ne3 b5
17.axb5 axb5 18.f4 Nd7 19.Re1 c4 20.Ne2 Nc5 21.Nd4 Bxd4 22.Qxd4 Nb3 23.Ra7 Qd8
24.Qc3 Qb6 25.Ra2 Qc5 26.Bf1 Nc7 27.Ng2 Nxc1 28.Rxc1 Re8 29.b3 Rxe4 30.bxc4 bxc4
31.Bxc4 Nxd5 32.Bxd5 Qxd5 33.Qc7 Reb4 34.Qd8+ Kg7 35.Rxc8 Rxc8 36.Qxc8 Rxf4
37.Qc3+ Qd4 38.Rc2 Qxc3 39.Rxc3 Re4 40.Rd3 Re6 41.Nf4 Rf6 42.Nd5 Rf2+ 43.Kg1 Rc2
44.Nc3 f5 45.Nb5 Kf6 46.Nxd6 Ke5 47.Nf7+ Ke4 48.Ra3 Rc7 49.Ng5+ Ke5 50.Kf2 Kf6
51.h4 Rb7 52.Ke3 h6 53.Ra6+ Ke7 54.Nf3 Rb3+ 55.Kf2 Rb2+ 56.Kg1 Rb3 57.Kg2 Rb2+
58.Kh3 Rb3 59.Ne5 g5 60.Rxh6 f4 61.hxg5 Rxg3+ 62.Kh4 1-0

[Event "European Seniors Teams Ch."]
[Site "Olympus"]
[Date "2011.05.05"]
[Round "3"]
[Board "2"]
[White "Birnboim, Nathan"]
[Black "Sloth, Jorn"]
[Result "1/2-1/2"]
[WhiteElo "2362"]
[BlackElo "2310"]
[PlyCount "82"]
[EventDate "2011.05.03"]
[EventType "team"]
[EventRounds "9"]
[EventCountry "GRE"]
[WhiteTeam "Israel 1"]
[BlackTeam "Denmark 1"]

1.d4 e6 2.c4 Nf6 3.g3 Bb4+ 4.Nd2 O-O 5.Bg2 d5 6.Ngf3 b6 7.O-O Bb7 8.Ne5 Be7
9.Qc2 c5 10.dxc5 bxc5 11.cxd5 exd5 12.Nb3 Qc7 13.Nf3 Na6 14.Bf4 Qb6 15.Be5 Ne4
16.Nfd2 Nb4 17.Qb1 Nc6 18.Nxe4 Nxe5 19.Nc3 c4 20.Nxd5 Bxd5 21.Bxd5 Rad8 22.Qe4
cxb3 23.Qxe5 Bf6 24.Qf5 Bxb2 25.Rab1 bxa2 26.Bxa2 Qf6 27.Qc2 Bd4 28.Rb7 Bb6
29.Qe4 g6 30.Qb4 Kg7 31.Qc4 Rd4 32.Qc2 Rd6 33.Kg2 Qd4 34.e3 Qd2 35.Qxd2 Rxd2
36.Bc4 Bxe3 37.Rb3 Bb6 38.Rf3 Rd6 39.Re1 Rf6 40.Re7 Rxf3 41.Kxf3 Kf6 1/2-1/2

[Event "European Seniors Teams Ch."]
[Site "Olympus"]
[Date "2011.05.05"]
[Round "3"]
[Board "3"]
[White "Brinck-Claussen, Bjorn"]
[Black "Lederman, Leon"]
[Result "1-0"]
[WhiteElo "2271"]
[BlackElo "2272"]
[PlyCount "69"]
[EventDate "2011.05.03"]
[EventType "team"]
[EventRounds "9"]
[EventCountry "GRE"]
[WhiteTeam "Denmark 1"]
[BlackTeam "Israel 1"]

1.e4 c5 2.Nf3 d6 3.d4 cxd4 4.Nxd4 Nf6 5.Nc3 a6 6.Bg5 e6 7.f4 Qb6 8.Qd2 Qxb2
9.Rb1 Qa3 10.e5 dxe5 11.fxe5 Nfd7 12.Ne4 h6 13.Bh4 Qxa2 14.Rd1 Qd5 15.Qe3 Qa5+
16.c3 Nc6 17.Nxc6 bxc6 18.Be2 Be7 19.Bxe7 Kxe7 20.Qg3 Kf8 21.Rxd7 Bxd7 22.O-O
Be8 23.Nd6 Ra7 24.Bh5 Qc5+ 25.Kh1 g5 26.Rb1 Ke7 27.Qf3 f5 28.Nc8+ Kd8 29.Nxa7
Qxa7 30.Bxe8 Rxe8 31.Qxc6 Re7 32.Rb6 Rd7 33.h4 Qc7 34.Qxe6 Re7 35.Rd6+ 1-0

[Event "European Seniors Teams Ch."]
[Site "Olympus"]
[Date "2011.05.05"]
[Round "3"]
[Board "4"]
[White "Kraidman, Yair"]
[Black "Jorgensen, Jorgen"]
[Result "1/2-1/2"]
[WhiteElo "2260"]
[BlackElo "2221"]
[PlyCount "48"]
[EventDate "2011.05.03"]
[EventType "team"]
[EventRounds "9"]
[EventCountry "GRE"]
[WhiteTeam "Israel 1"]
[BlackTeam "Denmark 1"]

1.d4 f5 2.Nf3 Nf6 3.c4 d6 4.Nc3 g6 5.g3 Bg7 6.Bg2 O-O 7.O-O c6 8.d5 e5 9.dxc6
bxc6 10.Bg5 Be6 11.c5 h6 12.Bxf6 Qxf6 13.Qxd6 Rd8 14.Qc7 Rd7 15.Qa5 e4 16.Ne1
Rb7 17.Rb1 Nd7 18.Nc2 Rab8 19.Rfd1 Ne5 20.Nd4 Nc4 21.Qa6 Nxb2 22.Nxe6 Qxe6
23.Rdc1 Qd7 24.Na4 Nxa4 1/2-1/2

[Event "European Seniors Teams Ch."]
[Site "Olympus"]
[Date "2011.05.05"]
[Round "3"]
[Board "1"]
[White "Danner, Georg"]
[Black "Tatai, Stefano"]
[Result "1/2-1/2"]
[WhiteElo "2416"]
[BlackElo "2361"]
[PlyCount "50"]
[EventDate "2011.05.03"]
[EventType "team"]
[EventRounds "9"]
[EventCountry "GRE"]
[WhiteTeam "Austria"]
[BlackTeam "Italy"]

1.d4 Nf6 2.Nf3 g6 3.c4 Bg7 4.Nc3 O-O 5.e4 d6 6.Be2 e5 7.d5 a5 8.O-O Na6 9.Ne1
Nc5 10.f3 Nh5 11.g3 Bh3 12.Rf2 Bf6 13.Nd3 Ng7 14.Nxc5 dxc5 15.Be3 Be7 16.Qd2 b6
17.Bd3 Bd6 18.Re1 Qd7 19.Bf1 Rae8 20.Bh6 f6 21.g4 Bxf1 22.Rexf1 Rf7 23.Rg2 Kh8
24.Kh1 Rg8 25.Rfg1 g5 1/2-1/2